Top 250 Magazines by Circulation - Statistics

General Stats
  • This quiz has been taken 183 times
  • The average score is 25 of 250
Answer Stats
# Magazine Circulation % Correct
14 TIME 4,026,891
90%
38 O, The Oprah Magazine 2,403,917
67%
7 National Geographic Magazine 5,431,117
65%
23 Sports Illustrated 3,238,101
63%
18 People 3,779,640
61%
113 Vogue 1,293,185
60%
27 Playboy 3,005,753
57%
26 Cosmopolitan 3,007,349
54%
174 GO Magazine 930,000
52%
146 ELLE 1,054,854
50%
4 Reader's Digest 10,094,602
50%
190 GQ: Gentlemen's Quarterly 854,155
49%
105 Rolling Stone 1,315,634
46%
24 Newsweek 3,117,562
45%
64 Men's Health 1,773,612
43%
147 New Yorker 1,051,919
42%
72 New York Times Magazine 1,680,583
40%
43 AAA World 2,200,000
38%
5 Better Homes & Gardens 7,607,694
38%
10 Good Housekeeping 4,662,725
38%
60 ESPN The Magazine 1,858,079
35%
176 Forbes 925,959
35%
48 Seventeen 2,031,466
35%
17 TV Guide 3,823,604
34%
T51 Highlights for Children 2,000,000
33%
124 Vanity Fair 1,208,644
33%
70 Entertainment Weekly 1,725,000
32%
9 Hustler 5,000,000
32%
35 Maxim 2,503,218
31%
233 Esquire 712,503
28%
92 Star Magazine 1,427,161
28%
74 Us Weekly 1,674,267
27%
39 Glamour 2,403,013
25%
130 National Enquirer 1,177,974
25%
89 Ebony 1,457,340
24%
93 Health 1,421,855
24%
123 Popular Mechanics 1,210,216
24%
37 Redbook 2,429,127
24%
189 Fortune 857,309
23%
223 Harper's Bazaar 733,096
23%
95 Golf Magazine 1,416,047
22%
150 Home Magazine 1,029,695
22%
168 Marie Claire 970,617
22%
112 Teen Vogue 1,293,227
21%
153 Washington Post Magazine 1,007,487
20%
106 Boys' Life 1,311,022
19%
56 Martha Stewart Living 1,972,337
19%
41 Parents 2,204,037
19%
202 Architectural Digest 813,495
18%
65 InStyle 1,772,568
17%
172 Jet 941,530
16%
12 Ladies' Home Journal 4,112,010
16%
57 Money 1,942,531
16%
141 Nickelodeon Magazine 1,075,775
16%
85 Fitness 1,488,657
15%
33 Southern Living 2,754,937
15%
163 BusinessWeek 985,030
14%
T79 Country 1,500,000
14%
88 Golf Digest 1,460,000
14%
86 Popular Science 1,469,181
14%
T193 Vibe Magazine 850,000
14%
104 Bon Appetit 1,326,198
13%
145 Essence Magazine 1,054,981
13%
175 Food & Wine 928,784
13%
44 Parenting Magazine 2,160,190
13%
45 Smithsonian 2,044,000
13%
15 Woman's Day 4,015,392
13%
142 Allure 1,071,700
11%
100 Car and Driver 1,357,956
11%
99 CosmoGIRL! 1,380,320
11%
151 Discover! 1,010,269
11%
T238 Discover 700,000
11%
T79 Field & Stream 1,500,000
11%
94 Self 1,420,543
11%
137 Motor Trend 1,108,501
10%
59 Real Simple 1,862,069
10%
230 Sporting News 715,767
10%
166 Travel + Leisure 978,501
10%
66 Cooking Light 1,746,201
9%
11 Family Circle 4,294,841
9%
16 Consumer Reports 4,000,000
8%
73 Shape 1,678,083
8%
1 AARP The Magazine 23,067,712
7%
169 Chicago Tribune Magazine 963,927
7%
213 Conde Nast Traveler 782,551
7%
235 Hot Rod Magazine 706,507
7%
243 Inc. 691,572
7%
250 Men's Fitness 658,648
7%
149 Child 1,030,371
6%
101 National Geographic Kids 1,348,675
6%
22 PREVENTION 3,359,698
6%
224 Road & Track 731,036
6%
227 Tennis 720,790
6%
T238 American Girl 700,000
5%
T206 Blender 800,000
5%
234 Boston Globe Magazine 707,813
5%
68 Country Living 1,741,462
5%
67 FamilyFun 1,744,252
5%
46 Game Informer Magazine 2,036,751
5%
164 Gourmet 984,813
5%
143 Lucky. 1,067,204
5%
116 Playbill 1,275,378
5%
T126 Sunset Magazine 1,200,000
5%
2 AARP The Bulletin 22,438,497
4%
36 American Legion Magazine 2,500,000
4%
8 Costco Connection 5,010,429
4%
134 In Touch Weekly 1,123,455
4%
237 JANE 700,546
4%
246 Men's Journal 675,452
4%
T231 National Geographic Traveler 715,000
4%
19 Taste of Home 3,700,000
4%
121 Weight Watchers Magazine 1,248,647
4%
114 West 1,292,274
4%
49 American Baby 2,003,357
3%
103 American Rifleman 1,343,492
3%
T108 Every Day with Rachael Ray 1,300,000
3%
34 Guideposts Magazine 2,628,767
3%
T193 House Beautiful 850,000
3%
173 Midwest Living 941,161
3%
229 PC Magazine 716,466
3%
191 PC World 853,952
3%
21 Scholastic News 3,500,000
3%
201 Sports Illustrated for Kids 822,093
3%
167 This Old House 972,605
3%
47 U.S. News & World Report 2,034,848
3%
78 Woman's World 1,547,809
3%
T238 All You 700,000
2%
171 American Hunter 942,158
2%
T61 Birds & Blooms 1,800,000
2%
117 Consumers Digest 1,250,264
2%
125 Disney Adventures 1,201,987
2%
T193 Eagle Magazine 850,000
2%
133 Family Handyman Magazine 1,154,969
2%
215 FAST COMPANY 752,329
2%
179 HANDY 919,505
2%
203 Kiplinger's Personal Finance 812,053
2%
236 Life & Style Weekly 704,990
2%
136 More 1,120,313
2%
244 Sierra 680,454
2%
152 Texas Co-Op Power 1,009,058
2%
165 Traditional Home 981,752
2%
13 USAA Magazine 4,100,000
2%
148 WedMD the Magazine 1,050,000
2%
192 Working Mother 850,487
2%
87 AAA Going Places 1,460,116
1%
T126 AAA Horizons 1,200,000
1%
188 American Teacher 858,000
1%
102 Applause Magazine - The Denver Arts Center Program 1,345,000
1%
T231 Arthritis Today 715,000
1%
50 BabyTalk 2,002,441
1%
T182 Backyard Living 900,000
1%
248 BoatU.S. Magazine 670,000
1%
T217 Careers & Colleges 750,000
1%
T75 Columbia 1,600,000
1%
205 Cottage Living 807,093
1%
T108 DAV Magazine 1,300,000
1%
210 Departures Magazine 797,822
1%
T118 Diabetes Focus 1,250,000
1%
90 First for Women 1,437,020
1%
T96 Focus on the Family 1,400,000
1%
154 FSB: Fortune Small Business 1,006,564
1%
6 Geico DIRECT Magazine 6,500,000
1%
T155 Highways 1,000,000
1%
T30 Hoop 2,900,000
1%
178 House & Garden 922,482
1%
T79 I Love Orlando 1,500,000
1%
131 Interval World 1,175,000
1%
T182 Leader 900,000
1%
T155 MacDirectory 1,000,000
1%
T30 NEA Today 2,900,000
1%
132 Nick Jr. Family Magazine 1,162,419
1%
242 NORTH AMERICAN Hunter 697,673
1%
177 Outdoor Life 925,000
1%
135 Realtor Magazine 1,120,871
1%
T155 Reminisce 1,000,000
1%
T180 Rise 910,000
1%
T217 Scholastic Scope 750,000
1%
T206 ShopSmart 800,000
1%
T28 SkyWest Magazine 3,000,000
1%
107 Stuff Magazine 1,310,900
1%
T118 Taste of Home's Light & Tasty 1,250,000
1%
T96 Teamster Magazine 1,400,000
1%
T75 TIME Style & Design 1,600,000
1%
77 VFW Magazine 1,570,954
1%
32 VIA 2,807,658
1%
T108 Working America 1,300,000
1%
138 AAA Living Michigan 1,100,000
0%
T126 AAA Virginia Motorist 1,200,000
0%
228 African Americans On Wheels 720,000
0%
T96 AFSCME Public Employee 1,400,000
0%
25 American Baby's First Year of Life 3,025,710
0%
T193 American Educator 850,000
0%
91 Beauty Handbook 1,433,220
0%
3 Best Read Guides, Inc. 14,646,000
0%
T51 Beta Journal 2,000,000
0%
T155 Better Homes & Gardens Holiday Celebrations 1,000,000
0%
214 Better Homes & Gardens Holiday Crafts 760,000
0%
T193 Bingo Bugle 850,000
0%
170 Car & Travel Monthly 945,000
0%
T155 Chicago Official Visitors Guide 1,000,000
0%
40 Childbirth 2,294,880
0%
T79 College Outlook 1,500,000
0%
T217 Concierge Preferred 750,000
0%
T182 Cook's Illustrated 900,000
0%
115 Country Home 1,290,000
0%
T79 Country Woman 1,500,000
0%
211 Daily World 795,000
0%
T51 Decision 2,000,000
0%
140 Diabetes & You 1,090,000
0%
249 Electronic Gaming Monthly 667,101
0%
71 Endless Vacation 1,719,861
0%
T217 Espera 750,000
0%
T217 Everyday Food 750,000
0%
T193 FDLI Smart Brief 850,000
0%
T155 Fender Frontline 1,000,000
0%
187 ForbesLife 860,000
0%
T61 From House to Home 1,800,000
0%
225 GMC the Magazine 726,596
0%
69 Golfer's Guide 1,736,618
0%
T206 IBEW Journal 800,000
0%
T206 InsideMS 800,000
0%
63 In Sync Magazine 1,790,000
0%
T79 Mckinsey Quarterly 1,500,000
0%
245 Midwest Contractor 679,600
0%
212 National News 785,000
0%
216 Newsweek International 751,000
0%
T155 OK! Weekly 1,000,000
0%
T118 OnMovies 1,250,000
0%
T126 Preferred Way 1,200,000
0%
226 Priority 720,958
0%
T238 Quick & Simple 700,000
0%
42 REMEDY 2,200,742
0%
122 Scholastic Parent & Child 1,238,983
0%
144 Scouting Magazine 1,064,750
0%
T182 SEE Clearwater Beach 900,000
0%
T51 SEE Orlando 2,000,000
0%
T182 SEE Tampa Bay 900,000
0%
204 SmartMoney 809,093
0%
T108 Solidarity 1,300,000
0%
200 Steelabor 840,000
0%
T28 Taste of Home's Simple & Delicious 3,000,000
0%
139 Teen Beauty Handbook 1,100,000
0%
247 Texas Journey 673,362
0%
58 Today's Health 1,868,831
0%
T217 Toy Tips and Parenting Tips Magazine 750,000
0%
T51 US Bowler 2,000,000
0%
T193 Vim & Vigor 850,000
0%
T180 Wegmans Menu Magazine 910,000
0%
20 Westways 3,676,079
0%
T155 Woman's Newspapers 1,000,000
0%
No matching quizzes found
Score Distribution
Percent of People with Each Score
Percentile by Number Answered
Your Score History
You have not taken this quiz